Green Day Lyrics - Living in the '20s - Statistics

General Stats
  • This quiz has been taken 33 times
  • The average score is 135 of 178
Answer Stats
Living in the '20s % Correct
a
100%
I
100%
in
100%
and
94%
I'm
94%
'20s
81%
Another
81%
another
81%
got
81%
livin'
81%
my
81%
My
81%
that
81%
the
81%
with
81%
all
75%
fucking
75%
head?
75%
it
75%
It
75%
kick
75%
on
75%
shooting
75%
supermarket
75%
together
75%
Ain't
69%
Colorado
69%
Congratulations,
69%
money
69%
target
69%
We're
69%
we're
69%
your
69%
batteries
63%
bloody
63%
comes
63%
condolences
63%
English
63%
into
63%
lighting
63%
like
63%
matches
63%
media
63%
only
63%
Playin'
63%
robot
63%
senseless
63%
speaks
63%
spent
63%
turn
63%
best
56%
blessings
56%
era
56%
murder
56%
of
56%
Salutations
56%
vomit
56%
drink
50%
hornet
50%
lotto
50%
soft
50%
buzz
44%
gonna
44%
luck
44%
win
44%
scratcher
38%
No matching quizzes found
Score Distribution
Percent of People with Each Score
Percentile by Number Answered
Your Score History
You have not taken this quiz